The mundic problem (Record no. 115368)
[ view plain ]
| 000 -LEADER | |
|---|---|
| fixed length control field | 02085cad a22002895a 4500 |
| 001 - CONTROL NUMBER | |
| control field | 115368 |
| 008 - FIXED-LENGTH DATA ELEMENTS--GENERAL INFORMATION | |
| fixed length control field | 150416s2015 xxk f 000 0 eng d |
| 020 ## - INTERNATIONAL STANDARD BOOK NUMBER | |
| International Standard Book Number | 9781783210947 |
| 035 ## - SYSTEM CONTROL NUMBER | |
| System control number | (Sirsi) u158542 |
| 041 0# - LANGUAGE CODE | |
| Language code of text/sound track or separate title | eng |
| 050 04 - LIBRARY OF CONGRESS CALL NUMBER | |
| Classification number | 693.97 $2 18 |
| 110 2# - MAIN ENTRY--CORPORATE NAME | |
| Corporate name or jurisdiction name as entry element | Royal Institution of Chartered Surveyors |
| 9 (RLIN) | 4900 |
| 245 04 - TITLE STATEMENT | |
| Title | The mundic problem |
| Medium | [electronic resource] |
| 250 ## - EDITION STATEMENT | |
| Edition statement | 3rd ed. |
| 260 ## - PUBLICATION, DISTRIBUTION, ETC. | |
| Place of publication, distribution, etc. | London, |
| Name of publisher, distributor, etc. | RICS, |
| Date of publication, distribution, etc. | 2015 |
| 300 ## - PHYSICAL DESCRIPTION | |
| Extent | 73p. |
| 350 ## - PRICE (NR) (BK AM CF MU VM SE) [OBSOLETE] | |
| Price | 20 |
| 490 #0 - SERIES STATEMENT | |
| Series statement | RICS Guidance Note |
| 505 ## - FORMATTED CONTENTS NOTE | |
| Formatted contents note | Acknowledgments -- RICS professional guidance -- Preface to the third edition -- The mundic problem -- The survey and core sampling procedure -- Petrographic examination procedure, interpretation and classification -- Stage 3 testing -- Summary -- Annexes -- Endnotes. |
| 520 ## - SUMMARY, ETC. | |
| Summary, etc. | This third edition of the guidance replaces the second edition with effect from 1 January 2016. Please note this version is a reissue of the guidance note first published in March 2015. The main focus of the changes relate to suggested sampling options contained in Annex B3. |
| 520 ## - SUMMARY, ETC. | |
| Summary, etc. | Effective from 1 September 2015. Gives clear guidance on the conduct of surveying practice in cases of mundic and the resulting deterioration of concrete building materials. The publication details a recommended sampling and testing procedure, to identify the condition of aggregates used in domestic and small commercial properties, to help lenders distinguish between those properties accepted as mortgageable and those that are not. It imparts clear guidance on the conduct of surveying practice, including the custody of samples, and records a number of minor changes in petrographers? testing regimes. It also includes new guidance on the assessment of mass concrete by testing density. |
| 650 24 - SUBJECT ADDED ENTRY--TOPICAL TERM | |
| Topical term or geographic name entry element | CONCRETE |
| 651 #4 - SUBJECT ADDED ENTRY--GEOGRAPHIC NAME | |
| Geographic name | ENGLAND AND WALES |
| 690 ## - LOCAL SUBJECT ADDED ENTRY--TOPICAL TERM (OCLC, RLIN) | |
| Topical term or geographic name as entry element | Building materials and defects |
| 856 40 - ELECTRONIC LOCATION AND ACCESS | |
| Uniform Resource Identifier | <a href="https://www.rics.org/profession-standards/rics-standards-and-guidance/sector-standards/building-surveying-standards/the-mundic-problem">https://www.rics.org/profession-standards/rics-standards-and-guidance/sector-standards/building-surveying-standards/the-mundic-problem</a> |
| Public note | View free on RICS.org |
| 942 ## - ADDED ENTRY ELEMENTS (KOHA) | |
| Suppress in OPAC | 0 |
| Source of classification or shelving scheme | Dewey Decimal Classification |
| Withdrawn status | Lost status | Source of classification or shelving scheme | Damaged status | Not for loan | Home library | Current library | Shelving location | Date acquired | Total Checkouts | Full call number | Barcode | Date last seen | Copy number | Price effective from | Koha item type |
|---|---|---|---|---|---|---|---|---|---|---|---|---|---|---|---|
| Dewey Decimal Classification | Virtual | Virtual | Online | 16/04/2015 | ONLINE PUBLICATION | 158542-2001 | 13/04/2023 | 1 | 06/08/2019 | Book |